Química general e inorgánica /
Guardado en:
| Autor Principal: | |
|---|---|
| Formato: | Libro |
| Publicado: |
Buenos Aires :
Losada,
1979
|
| Materias: | |
| Etiquetas: |
Agregar Etiqueta
Sin Etiquetas, Sea el primero en etiquetar este registro!
|
| LEADER | 00576nam a22001695a 4500 | ||
|---|---|---|---|
| 001 | CEM.cems002453 | ||
| 008 | 130507s1979##################000#0#####d | ||
| 005 | 20231108095505.0 | ||
| 245 | 1 | 0 | |a Química general e inorgánica / |
| 260 | |a Buenos Aires : |b Losada, |c 1979 | ||
| 300 | |a 2 v. | ||
| 100 | 1 | |a Fernández Serventi Héctor | |
| 082 | 0 | 4 | |a 540 |
| 653 | |a Quimica | ||
| 859 | |a CEMS |b BIB. CEMS - 11 de abril |h 540 |i F391a10/II |p 7653.80 |t Ej.1 | ||
| 859 | |a CEMS |b BIB. CEMS - Agricultura |h 540 |i F391a10/II |p A12738.83 |t Ej.1 | ||
| 859 | |a CEMS |b BIB. CEMS - 11 de abril |h 540 |i F391a10/II |p 10992.82 |t Ej.2 | ||
